| 000 | 00464nam a22001577a 4500 | ||
|---|---|---|---|
| 003 | 0 | ||
| 005 | 20230619101137.0 | ||
| 008 | 230619b xxu||||| |||| 00| 0 eng d | ||
| 020 | _a971-630-051-4 | ||
| 082 |
_aFil. 398.35209599 _b.Pa295 1997 |
||
| 245 |
_aThe girl who turned into a fish _cPaterno, Maria Elena |
||
| 260 |
_aManila _bTahanan Books for Young Readers _cc1997. |
||
| 300 |
_a56pp. _bill. _c25cm. |
||
| 500 | _aTales-Philippines. | ||
| 942 |
_2ddc _cBK |
||
| 999 |
_c365008 _d365008 |
||